| 000 | 00477nam a22001817a 4500 | ||
|---|---|---|---|
| 005 | 20230117103944.0 | ||
| 008 | 200314b xxu||||| |||| 00| 0 eng d | ||
| 020 | _a978-93-85915499 | ||
| 041 | _aeng | ||
| 082 |
_a615.19 _bALA-T |
||
| 100 |
_aALAGARSAMY _95170 |
||
| 245 | _aTEXTBOOK OF MEDICINAL CHEMISTRY (VOL-I) | ||
| 250 | _a3rd, Ed. 2016 | ||
| 260 |
_bCBS PUBLISHER AND DISTRIBUTERS _c2020 |
||
| 300 | _a614,p;xiii, | ||
| 650 |
_aPHARMACY _xB.PHARMA _97083 |
||
| 942 | _cBK | ||
| 999 |
_c6092 _d6090 |
||